00739nam a2200265Ia 4500003000900000008004100009040001300050040001300063041000800076100001900084100001000103245002900113250002200142260002100164260000900185300001100194300000900205300001000214490001500224490000600239700002200245942000700267999001700274952018200291IT-RoPAU120407s9999 xx 000 0 und d aIT-RoPAU cIT-RoPAU aita aLuigi Santucci ccoll. aPellegrini in Terrasanta aCinisello Balsamo aEdizioni Paoline c1987 a238 p. bill. c21 cm aPellegrini v1 aGianfranco Ravasi cBK c29888d29888 00102ddc406910_24100000000000071aPAULUSbPAULUSd2012-04-11l0o910.241r2012-04-11 00:00:00w2012-04-11yBKzInserito da: In data: n.d. fondo: Via A.Severo 56 Progr:28686